Tilastot visalle Keski-Pohjanmaan kunnat kartalla

Klikkaa tästä pelataksesi tätä visaa!

Yleistilastot

  • Tätä visaa on pelattu 2 951 kertaa
  • Keskiarvotulos 5 / 8

Vastaukset kartalla

Vastauksille on annettu kartalla punavihreä väri sen mukaan, kuinka moni on saanut sen oikein.
 

Vastaustilastot

VaakunaVäkilukuKunta% Oikein
v47 978Kokkola
98%
v4221Kaustinen
73%
v5410Kannus
68%
v2672Perho
66%
v2988Veteli
65%
v2941Toholampi
60%
v1069Halsua
59%
v716Lestijärvi
57%

Tulosjakauma

Persentiili vastausten määrän mukaan

Jokaisen tuloksen saaneiden osuus

Tuloshistoriasi

Et ole pelannut tätä visaa